Countries That Changed Their Names - Statistics

General Stats
  • This quiz has been taken 37 times
    21 since last reset
  • The average score is 9 of 11
Answer Stats
Former Name Answer % Correct
Portuguese Timor East Timor
100%
Persia Iran
100%
Macedonia North Macedonia
100%
Czech Republic Czechia
95%
Burma Myanmar
89%
Swaziland Swaziland
89%
Zaire Democratic Republic of the Congo
74%
Siam Thailand
74%
Ceylon Sri Lanka
68%
Rhodesia Zimbabwe
68%
Dahomey Benin
42%
No matching quizzes found
Score Distribution
Percent of People with Each Score
Percentile by Number Answered
Your Score History
You have not taken this quiz since the last reset